Panorama del mundo actual. /

Guardado en:
Autor Principal: George, Pierre.
Formato: Libro
Idioma:Spanish
Publicado: Barcelona : Ariel, 1970.
Series:Elcano. La geografía y sus problemas
Etiquetas: Agregar Etiqueta
Sin Etiquetas, Sea el primero en etiquetar este registro!
LEADER 00530nam a22001815a 4500
001 EUN.um007521
003 AR-BaUNS
005 20050623122853.0
008 041125s1970####sp#a##########000#0#spa#d
245 1 0 |a Panorama del mundo actual. /  |c Pierre George. 
260 |a Barcelona :  |b Ariel,  |c 1970. 
300 |a 318 p. :  |b ilus. ;  |c 20 cm. . 
490 0 |a Elcano. La geografía y sus problemas 
100 1 |a George, Pierre. 
082 0 4 |a 301.153 
082 0 4 |a 910 
082 0 4 |a 330.9 
859 |a Ar-BaUNS  |b BIB. CENTRAL - Sector C  |h 301.153  |i G294  |p 62881/972